000 02278cam a2200193 4500500
005 20251228051738.0
041 _afre
042 _adc
100 1 0 _aBouckaert, Geert
_eauthor
700 1 0 _aVan de Walle, Steven
_eauthor
700 1 0 _aKampen, Jarl K.
_eauthor
245 0 0 _aLes possibilités d'étude comparative de l'opinion publique à l'égard de l'administration publique
260 _c2005.
500 _a5
520 _aRésuméL’administration publique et les services publics ont toujours occupé une place limitée dans les études comportementales des politologues. Les étudiants en administration publique ont pour leur part tendance à se concentrer sur les élites et les institutions politiques et administratives et ne tiennent généralement pas compte des citoyens dans leurs recherches comparatives. Dans cet article, nous plaidons en faveur d’une étude comparative internationale des attitudes des citoyens face à l’administration publique d’un point de vue interdisciplinaire. Nous examinons la littérature scientifique internationale disponible et décrivons les principales tendances présentes dans la pratique empirique et les approches théoriques, en particulier celles ayant un impact potentiel sur la réforme du secteur public.
520 _aPotential for comparative public opinion research in public administrationPublic administration and public services have always taken a marginal place in political scientists’behavioural research. Public administration students, in contrast, tend to focus on political and administrative elites and institutions and have largely ignored citizens in comparative research. In this article, we make a plea for international comparative research on citizens’attitudes towards public administration from an interdisciplinary perspective. Available international survey material is discussed and main trends in empirical practice and theoretical approaches are outlined, especially those with a potential impact on public sector reform.
786 0 _nRevue Internationale des Sciences Administratives | 71 | 2 | 2005-06-01 | p. 237-250 | 0303-965X
856 4 1 _uhttps://droit.cairn.info/revue-internationale-des-sciences-administratives-2005-2-page-237?lang=fr&redirect-ssocas=7080
999 _c1582207
_d1582207